000 00655nam a2200277Ia 4500
005 20260324130930.0
008 008 260324s9999 xx 000 0 eng d
020 _a9780203001349
037 _aEBOOK
040 _aCRL
040 _beng
040 _cCRL
041 _2eng
041 _aeng
084 _qCRL
100 _aKitty Newman
_91183590
245 0 _aMacmillan, Khrushchev and the Berlin Crisis, 1958-1960
260 _bTaylor and Francis
260 _c2007
365 _a
365 _b290
856 _uhttp://www.taylorfrancis.com/books/9780203001349
942 _cEBOOK
999 _c1780302
_d1780302